| 000 | 00630nam a2200217Ia 4500 | ||
|---|---|---|---|
| 003 | OSt | ||
| 005 | 20230418144236.0 | ||
| 008 | 210423s2011 xx 000 0 und d | ||
| 020 | _a9780070584006 | ||
| 040 | _cAL | ||
| 041 | _aeng | ||
| 082 |
_a658.4034 _223 _b BROR |
||
| 100 |
_aBRONSON (Richard);NAADIMUTHU (Govindasami). _990078 |
||
| 245 | _aSchaums outline of theory and problems of operations research. | ||
| 250 | _a2 | ||
| 260 |
_aNew Delhi _bTata McGraw-hill _c2011 |
||
| 300 |
_avii,456 _bPB |
||
| 365 |
_b375 _cINR |
||
| 906 | _aoperations ; outline ; problems ; research. ; Schaums ; theory | ||
| 942 |
_2ddc _cBK |
||
| 999 |
_c160645 _d160645 |
||